[Event "SVK-ch Amateurs"]
[Site "Liptovsky Jan"]
[Date "2023.06.17"]
[Round "5"]
[White "Kaminsky, Ladislav"]
[Black "Adamski, Adam"]
[Result "1/2-1/2"]
[WhiteElo "1552"]
[BlackElo "1798"]
[PlyCount "32"]
[EventDate "2023.06.15"]
[EventType "swiss"]
[EventRounds "8"]
[EventCountry "SVK"]
[SourceTitle "CBM 214 Extra"]
[Source "ChessBase"]
[SourceDate "2023.07.31"]
[SourceVersion "1"]
[SourceVersionDate "2023.07.31"]
[SourceQuality "1"]

1. d4 Nf6 2. Nf3 g6 3. b3 Bg7 4. Bb2 d5 5. e3 c6 6. Be2 a5 7. a4 0-0 8. 0-0 Ne4 9. Nbd2 Nxd2 10. Qxd2 Nd7 11. c4 Nf6 12. cxd5 Nxd5 13. Rac1 Qd6 14. Rfd1 b6 15. Ne5 Bb7 16. Bf3 Rfc8 1/2-1/2

[Event "SVK-ch Amateurs"]
[Site "Liptovsky Jan"]
[Date "2023.06.16"]
[Round "4"]
[White "Kluska, Lukas"]
[Black "Kaminsky, Ladislav"]
[Result "0-1"]
[WhiteElo "1294"]
[BlackElo "1552"]
[PlyCount "42"]
[EventDate "2023.06.15"]
[EventType "swiss"]
[EventRounds "8"]
[EventCountry "SVK"]
[SourceTitle "CBM 214 Extra"]
[Source "ChessBase"]
[SourceDate "2023.07.31"]
[SourceVersion "1"]
[SourceVersionDate "2023.07.31"]
[SourceQuality "1"]

1. e4 Nc6 2. d4 d5 3. exd5 Qxd5 4. Nf3 Bg4 5. Be2 Nf6 6. c4 Qh5 7. Be3 0-0-0 8. 0-0 e6 9. Nbd2 Bd6 10. c5 Bxh2+ 11. Kh1 Nxd4 12. Nxh2 Bxe2 13. Qc1 Ng4 14. Bf4 Nxh2 15. Bxh2 Nc6 16. Rb1 Rxd2 17. b4 Bxf1 18. b5 Bxb5 19. Qd1 Rxd1+ 20. Rxd1 Qxd1+ 21. Bg1 f6 0-1

[Event "SVK-chT1E 2122"]
[Site "Slovakia"]
[Date "2022.03.19"]
[Round "6.4"]
[White "Panko, Eduard1111"]
[Black "Kaminsky, Ladislav"]
[Result "1-0"]
[WhiteElo "2030"]
[BlackElo "1611"]
[PlyCount "41"]
[EventDate "2022.01.29"]
[EventType "team-tourn"]
[EventRounds "11"]
[EventCountry "SVK"]
[SourceTitle "EXT 2023"]
[Source "ChessBase"]
[SourceDate "2022.10.05"]
[SourceVersion "1"]
[SourceVersionDate "2022.10.05"]
[SourceQuality "1"]
[WhiteTeam "Bardejov"]
[BlackTeam "Sabinov"]
[WhiteTeamCountry "SVK"]
[BlackTeamCountry "SVK"]

1. f4 Nc6 2. Nf3 d5 3. e3 Bg4 4. Bb5 Qd6 5. 0-0 0-0-0 6. c3 e5 7. Bxc6 e4 8. Bxb7+ Kxb7 9. Qb3+ Ka8 10. Ne5 Be6 11. Qa4 Ne7 12. h3 h5 13. c4 f6 14. cxd5 Qxd5 15. Nc3 Qb7 16. Nc4 Nf5 17. Na5 Qa6 18. Qxe4+ Bd5 19. Qxf5 Qxa5 20. Nxd5 Rxd5 21. Qc8# 1-0

[Event "SVK-chT1E 2122"]
[Site "Slovakia"]
[Date "2022.02.27"]
[Round "5.5"]
[White "Stevik, Patrik1111"]
[Black "Kaminsky, Ladislav"]
[Result "1-0"]
[WhiteElo "2266"]
[BlackElo "1611"]
[PlyCount "49"]
[EventDate "2022.01.29"]
[EventType "team-tourn"]
[EventRounds "11"]
[EventCountry "SVK"]
[SourceTitle "EXT 2023"]
[Source "ChessBase"]
[SourceDate "2022.10.05"]
[SourceVersion "1"]
[SourceVersionDate "2022.10.05"]
[SourceQuality "1"]
[WhiteTeam "Banska Bystrica Junior"]
[BlackTeam "Sabinov"]
[WhiteTeamCountry "SVK"]
[BlackTeamCountry "SVK"]

1. d4 d5 2. c4 c5 3. Nf3 e6 4. g3 Nf6 5. Bg2 Nbd7 6. 0-0 Be7 7. Nbd2 0-0 8. Qc2 h6 9. Rd1 Re8 10. b3 Bd6 11. Bb2 e5 12. dxe5 Nxe5 13. cxd5 Nxf3+ 14. Nxf3 Nxd5 15. e4 Nb4 16. Qd2 Be7 17. Qc3 Bf6 18. Rxd8 Rxd8 19. Qxb4 Bxb2 20. Rb1 a5 21. Qxc5 Bf6 22. h4 Bg4 23. e5 Rd5 24. Qc4 Bxe5 25. Qxg4 1-0

[Event "Liptovsky Jan Slovak op U2200"]
[Site "Liptovsky Jan"]
[Date "2021.06.19"]
[Round "4"]
[White "Giertli, Vladimir"]
[Black "Kaminsky, Ladislav"]
[Result "1/2-1/2"]
[WhiteElo "2028"]
[BlackElo "1730"]
[PlyCount "98"]
[EventDate "2021.06.17"]
[EventType "swiss"]
[EventRounds "7"]
[EventCountry "SVK"]
[SourceTitle "CBM 203 Extra"]
[Source "ChessBase"]
[SourceDate "2021.09.30"]
[SourceVersion "1"]
[SourceVersionDate "2021.09.30"]
[SourceQuality "1"]

1. e4 Nc6 2. Nf3 Nf6 3. d3 e5 4. Be2 Bc5 5. Nc3 d6 6. Bg5 h6 7. Bd2 Be6 8. Na4 Bb6 9. Nxb6 axb6 10. a3 0-0 11. 0-0 Nd7 12. Be3 Nc5 13. Qd2 f5 14. exf5 Bxf5 15. d4 exd4 16. Nxd4 Nxd4 17. Qxd4 Qf6 18. Qxf6 Rxf6 19. Rac1 Kh8 20. Bc4 Ra4 21. Bb3 Rg4 22. f3 Rgg6 23. Bxc5 bxc5 24. Rce1 Be6 25. Re3 Bxb3 26. Rxb3 b6 27. Re3 Rf7 28. Re8+ Kh7 29. Kf2 Rgf6 30. Rfe1 Kg6 31. c4 Rf4 32. b3 Rd7 33. g3 Rf5 34. h4 d5 35. g4 Rf4 36. Kg3 Rdf7 37. h5+ Kh7 38. cxd5 Rxf3+ 39. Kh4 Rxb3 40. R8e3 Rf3 41. Rxf3 Rxf3 42. Re7 Rd3 43. Rd7 b5 44. Rxc7 Rxd5 45. Rb7 c4 46. Rc7 Rd3 47. a4 bxa4 48. Rxc4 a3 49. Ra4 Rb3 1/2-1/2

[Event "Tatry op"]
[Site "Tatranske Zruby"]
[Date "2020.09.29"]
[Round "5"]
[White "Kaminsky, Ladislav"]
[Black "Kantorik, Marian"]
[Result "0-1"]
[WhiteElo "1687"]
[BlackElo "2211"]
[PlyCount "62"]
[EventDate "2020.09.26"]
[EventType "swiss"]
[EventRounds "9"]
[EventCountry "SVK"]
[SourceTitle "CBM 198 Extra"]
[Source "ChessBase"]
[SourceDate "2020.11.30"]
[SourceVersion "1"]
[SourceVersionDate "2020.11.30"]
[SourceQuality "1"]

1. Nf3 c5 2. c4 Nc6 3. e3 e6 4. d4 cxd4 5. exd4 Nf6 6. Nc3 d5 7. Bf4 Bd6 8. Ne5 0-0 9. c5 Bxe5 10. dxe5 Nd7 11. Bd3 Nxc5 12. Bc2 d4 13. Ne4 Nxe4 14. Bxe4 Qa5+ 15. Qd2 Qb5 16. Bd3 Qd5 17. 0-0 Nxe5 18. Bc2 Ng6 19. Bg3 Rd8 20. Qd3 b6 21. Rfe1 Bb7 22. f3 Rac8 23. h4 Ba6 24. Qxa6 Rxc2 25. Qxa7 Rxb2 26. Rab1 Rxa2 27. Qxb6 h6 28. h5 Nf8 29. Rb5 Qd7 30. Rc5 d3 31. Qb1 Qd4+ 0-1

[Event "SVK-chT1E 1819"]
[Site "Slovakia"]
[Date "2019.02.23"]
[Round "8.7"]
[White "Trgina, Daniel"]
[Black "Kaminsky, Ladislav"]
[Result "1-0"]
[WhiteElo "2076"]
[BlackElo "1703"]
[PlyCount "138"]
[EventDate "2018.10.27"]
[EventType "team-tourn"]
[EventRounds "11"]
[EventCountry "SVK"]
[SourceTitle "CBM 189 Extra"]
[Source "ChessBase"]
[SourceDate "2019.06.03"]
[SourceVersion "1"]
[SourceVersionDate "2019.06.03"]
[SourceQuality "1"]
[WhiteTeam "Banska Bystrica Junior"]
[BlackTeam "Sabinov"]
[WhiteTeamCountry "SVK"]
[BlackTeamCountry "SVK"]

1. e4 Nc6 2. d4 d5 3. exd5 Qxd5 4. Nf3 e5 5. Nc3 Bb4 6. Bd2 Bxc3 7. Bxc3 Bg4 8. dxe5 Bxf3 9. Qxf3 Qxf3 10. gxf3 0-0-0 11. Rg1 g6 12. Bh3+ Kb8 13. Rd1 Nge7 14. Bd7 Rhf8 15. Rg4 b6 16. Rh4 h5 17. b3 Kb7 18. Bb2 Nb8 19. Bh3 Rxd1+ 20. Kxd1 Rd8+ 21. Rd4 Nbc6 22. Rxd8 Nxd8 23. c4 Ne6 24. Bc1 c5 25. Be3 Kc7 26. f4 Nf5 27. Kd2 Ned4 28. Bg2 Nh4 29. Bd5 Ne6 30. Ke2 Kd7 31. f3 Nf5 32. Bd2 Ke7 33. Bc1 Kd7 34. Be4 Ned4+ 35. Kf2 Ke6 36. Bd5+ Ke7 37. Bd2 a5 38. Kg2 Nh4+ 39. Kf2 Nhf5 40. Be4 Ke6 41. Be3 Nxe3 42. Kxe3 Nf5+ 43. Kf2 Ne7 44. Kg2 f6 45. Kf2 fxe5 46. Ke3 Nf5+ 47. Bxf5+ Kxf5 48. fxe5 Kxe5 49. f4+ Kf5 50. Kf3 g5 51. fxg5 Kxg5 52. Kg3 h4+ 53. Kf3 Kf5 54. h3 Kg5 55. Ke4 Kf6 56. Kf4 Ke6 57. Kg4 Ke5 58. Kxh4 a4 59. Kg4 axb3 60. axb3 Kd4 61. h4 Kc3 62. h5 Kxb3 63. h6 Kxc4 64. h7 b5 65. h8Q b4 66. Kf3 Kb3 67. Ke2 c4 68. Kd2 Ka2 69. Qa8+ Kb2 1-0

[Event "SVK-chT2D 1819"]
[Site "Slovakia"]
[Date "2018.10.14"]
[Round "2.8"]
[White "Heinrich, Jan"]
[Black "Kaminsky, Ladislav"]
[Result "1/2-1/2"]
[WhiteElo "1966"]
[BlackElo "1726"]
[PlyCount "82"]
[EventDate "2018.10.13"]
[EventType "team-tourn"]
[EventRounds "11"]
[EventCountry "SVK"]
[SourceTitle "CBM 187 Extra"]
[Source "ChessBase"]
[SourceDate "2018.11.04"]
[SourceVersion "1"]
[SourceVersionDate "2018.11.04"]
[SourceQuality "1"]
[WhiteTeam "Moldava nad Bodvou"]
[BlackTeam "Sabinov II"]
[WhiteTeamCountry "SVK"]
[BlackTeamCountry "SVK"]

1. d4 d5 2. c4 e6 3. Nf3 Nf6 4. g3 Be7 5. Bg2 c6 6. Qc2 0-0 7. 0-0 Nbd7 8. b3 Ne4 9. Bb2 f5 10. e3 Ndf6 11. Ne5 Nd7 12. Nd3 Bd6 13. Ba3 Bxa3 14. Nxa3 Qg5 15. Rae1 Qe7 16. Nb1 Ndf6 17. f3 Ng5 18. Nd2 Bd7 19. Ne5 Nf7 20. e4 fxe4 21. Nxf7 exf3 22. Nxf3 Qxf7 23. Ng5 Qh5 24. Nxe6 Bxe6 25. Rxe6 Ng4 26. h3 Nf6 27. Re5 Qh6 28. Qe2 dxc4 29. bxc4 Rad8 30. d5 cxd5 31. cxd5 Rfe8 32. d6 Qg6 33. Rxe8+ Rxe8 34. Qc4+ Kh8 35. Kh2 h6 36. Bxb7 Nh5 37. Qg4 Qc2+ 38. Bg2 Nf6 39. Qd1 Qxa2 40. Re1 Rd8 41. d7 Rxd7 1/2-1/2

[Event "Stara Lubovna op"]
[Site "Stara Lubovna"]
[Date "2017.05.05"]
[Round "1"]
[White "Kaminsky, Ladislav"]
[Black "Bombek, Peter"]
[Result "0-1"]
[WhiteElo "1772"]
[BlackElo "2180"]
[PlyCount "74"]
[EventDate "2017.05.05"]
[EventType "swiss"]
[EventRounds "7"]
[EventCountry "SVK"]
[SourceTitle "CBM 178 Extra"]
[Source "ChessBase"]
[SourceDate "2017.06.22"]
[SourceVersion "1"]
[SourceVersionDate "2017.06.22"]
[SourceQuality "1"]

1. Nf3 Nf6 2. d4 d5 3. Bf4 Bf5 4. e3 e6 5. c4 Bxb1 6. Qa4+ Qd7 7. Qxd7+ Nbxd7 8. Rxb1 Bb4+ 9. Nd2 Ne4 10. Rd1 Ndf6 11. a3 Bxd2+ 12. Rxd2 Nxd2 13. Kxd2 c6 14. Bd3 0-0 15. f3 Rad8 16. c5 Nd7 17. Bd6 Rfe8 18. f4 Nf6 19. Ke2 Rd7 20. Kf3 Rc8 21. f5 Ne8 22. Bf4 Nc7 23. g4 Re8 24. h4 f6 25. fxe6 Nxe6 26. Bg3 g6 27. g5 fxg5 28. h5 Nf8 29. Be5 Re6 30. Kg4 Rf7 31. hxg6 Nxg6 32. Bf5 Nxe5+ 33. Kxg5 Rg7+ 34. Kf4 Ng6+ 35. Kf3 Rf6 36. Rh5 Rxf5+ 37. Rxf5 Nh4+ 0-1

[Event "SVK-chT2D 1617"]
[Site "Slovakia"]
[Date "2017.02.12"]
[Round "9.7"]
[White "Kaminsky, Ladislav"]
[Black "Popovic, Martin"]
[Result "1-0"]
[WhiteElo "1753"]
[BlackElo "1925"]
[PlyCount "81"]
[EventDate "2016.10.08"]
[EventType "team-tourn"]
[EventRounds "11"]
[EventCountry "SVK"]
[SourceTitle "EXT 2018"]
[Source "ChessBase"]
[SourceDate "2017.10.13"]
[SourceVersion "1"]
[SourceVersionDate "2017.10.13"]
[SourceQuality "1"]
[WhiteTeam "Sabinov II"]
[BlackTeam "Kosice Slavia TU IV"]
[WhiteTeamCountry "SVK"]
[BlackTeamCountry "SVK"]

1. Nf3 d5 2. d4 Nf6 3. Bf4 e6 4. e3 Nbd7 5. Bd3 c6 6. c3 Be7 7. Nbd2 0-0 8. Qc2 c5 9. b3 b6 10. h3 h6 11. 0-0 a6 12. a4 Bb7 13. Rab1 Rc8 14. Qd1 cxd4 15. cxd4 Ne4 16. Bxe4 dxe4 17. Ne5 Nxe5 18. Bxe5 Bd6 19. Nc4 Bxe5 20. Nxe5 Qd5 21. Nc4 Rc6 22. Qd2 a5 23. Ne5 Rc7 24. Rfc1 Rxc1+ 25. Qxc1 Rc8 26. Qb2 b5 27. axb5 Qxb5 28. Qa3 f6 29. Ng6 Kf7 30. Nf4 g5 31. Nh5 Bd5 32. Rc1 Rxc1+ 33. Qxc1 Kg6 34. g4 Qxb3 35. Qc7 Qb7 36. Qxa5 Qb1+ 37. Kg2 Bc4 38. Ng3 Qd1 39. Qd8 Qf3+ 40. Kg1 f5 41. Qe8+ 1-0

[Event "SVK-chT2D 1516"]
[Site "Slovakia"]
[Date "2016.02.14"]
[Round "9.8"]
[White "Popovic, Martin"]
[Black "Kaminsky, Ladislav"]
[Result "0-1"]
[WhiteElo "1726"]
[BlackElo "1707"]
[PlyCount "62"]
[EventDate "2015.10.17"]
[EventType "team-tourn"]
[EventRounds "11"]
[EventCountry "SVK"]
[SourceTitle "EXT 2017"]
[Source "ChessBase"]
[SourceDate "2016.10.25"]
[SourceVersion "1"]
[SourceVersionDate "2016.10.25"]
[SourceQuality "1"]
[WhiteTeam "Kosice Slavia IV"]
[BlackTeam "Sabinov II"]
[WhiteTeamCountry "SVK"]
[BlackTeamCountry "SVK"]

1. e4 Nc6 2. Nf3 d6 3. d4 Bg4 4. Be3 Nf6 5. Nc3 e6 6. Be2 Be7 7. Qd2 0-0 8. 0-0 d5 9. exd5 exd5 10. Ne5 Bxe2 11. Nxc6 bxc6 12. Qxe2 Re8 13. Qd3 Bd6 14. Bg5 h6 15. Bh4 Re6 16. Rfe1 Qd7 17. Bg3 Rae8 18. Re2 c5 19. Bxd6 Qxd6 20. dxc5 Qxc5 21. Rae1 c6 22. h3 Qb4 23. Rxe6 fxe6 24. b3 d4 25. a3 Qxc3 26. Qxc3 dxc3 27. Re3 Nd5 28. Re4 Kf7 29. Rc4 Rc8 30. b4 Ke7 31. Rc5 Kd6 0-1

[Event "SVK-chT2D 1516"]
[Site "Slovakia"]
[Date "2015.12.06"]
[Round "6.7"]
[White "Belis, Rudolf"]
[Black "Kaminsky, Ladislav"]
[Result "1-0"]
[WhiteElo "1985"]
[BlackElo "1680"]
[PlyCount "55"]
[EventDate "2015.10.17"]
[EventType "team-tourn"]
[EventRounds "11"]
[EventCountry "SVK"]
[SourceTitle "CBM 170 Extra"]
[Source "ChessBase"]
[SourceDate "2016.02.25"]
[SourceVersion "1"]
[SourceVersionDate "2016.02.25"]
[SourceQuality "1"]
[WhiteTeam "Presov Tatran Dason"]
[BlackTeam "Sabinov II"]
[WhiteTeamCountry "SVK"]
[BlackTeamCountry "SVK"]

1. d4 d5 2. c4 e5 3. dxe5 d4 4. Nf3 Nc6 5. a3 Be6 6. e3 Bg4 7. Be2 dxe3 8. Bxe3 Nge7 9. Nbd2 Ng6 10. Qa4 Qd7 11. Qb3 0-0-0 12. Qc3 Re8 13. h3 Bxf3 14. Nxf3 Ngxe5 15. 0-0 f6 16. b4 Kb8 17. b5 Nd8 18. c5 Qf7 19. Rfd1 g5 20. Nxe5 fxe5 21. c6 b6 22. Rd7 Qf6 23. Qb3 Bd6 24. Qa4 a5 25. bxa6 e4 26. a7+ Ka8 27. Rd1 Qe5 28. Ba6 1-0

[Event "SVK-chT2D 1314"]
[Site "Slovakia"]
[Date "2014.02.22"]
[Round "8.5"]
[White "Endresz, Pavol"]
[Black "Kaminsky, Ladislav"]
[Result "0-1"]
[WhiteElo "1920"]
[BlackElo "1786"]
[PlyCount "52"]
[EventDate "2013.10.19"]
[EventType "team-tourn"]
[EventRounds "11"]
[EventCountry "SVK"]
[SourceTitle "EXT 2015"]
[Source "ChessBase"]
[SourceDate "2014.11.20"]
[SourceVersion "1"]
[SourceVersionDate "2014.11.20"]
[SourceQuality "1"]
[WhiteTeam "Spisska Nova Ves"]
[BlackTeam "Sabinov II"]
[WhiteTeamCountry "SVK"]
[BlackTeamCountry "SVK"]

1. e4 Nc6 2. d4 d5 3. Nc3 dxe4 4. d5 Ne5 5. Qd4 Ng6 6. Qxe4 Nf6 7. Bb5+ Bd7 8. Qe2 a6 9. Bc4 Nh4 10. f3 Nf5 11. Be3 g6 12. 0-0-0 Bg7 13. Bg5 b5 14. Bb3 Nd6 15. Ne4 0-0 16. Qe3 a5 17. a3 a4 18. Ba2 b4 19. axb4 a3 20. b3 Nb5 21. Bxf6 exf6 22. Ne2 f5 23. N4c3 Nxc3 24. Nxc3 Re8 25. Qd3 Qf6 26. Kd2 Bh6+ 0-1

[Event "SVK-chT2D 1314"]
[Site "Slovakia"]
[Date "2014.02.01"]
[Round "7.7"]
[White "Kaminsky, Ladislav"]
[Black "Zahradnik, Vladimir"]
[Result "0-1"]
[WhiteElo "1786"]
[BlackElo "1982"]
[PlyCount "70"]
[EventDate "2013.10.19"]
[EventType "team-tourn"]
[EventRounds "11"]
[EventCountry "SVK"]
[SourceTitle "EXT 2015"]
[Source "ChessBase"]
[SourceDate "2014.11.20"]
[SourceVersion "1"]
[SourceVersionDate "2014.11.20"]
[SourceQuality "1"]
[WhiteTeam "Sabinov II"]
[BlackTeam "Presov Tatran Dason"]
[WhiteTeamCountry "SVK"]
[BlackTeamCountry "SVK"]

1. Nf3 Nf6 2. b3 c5 3. Bb2 Nc6 4. e3 e6 5. c4 d5 6. d4 cxd4 7. exd4 dxc4 8. bxc4 Bb4+ 9. Nbd2 Ne4 10. a3 Ba5 11. Bd3 Nxd2 12. Nxd2 Nxd4 13. 0-0 Bxd2 14. Qxd2 Nb3 15. Qc3 Nxa1 16. Qxg7 Rf8 17. Bxh7 Nb3 18. Bc3 Nc5 19. Bf6 Qd6 20. Qg4 e5 21. Qg5 Nd7 22. Bg7 Qe7 23. Qg3 f6 24. Re1 Kd8 25. Bxf8 Nxf8 26. Rd1+ Kc7 27. Be4 Bd7 28. Qb3 Rb8 29. Rb1 Ne6 30. c5 Nxc5 31. Qb4 Qd6 32. Rc1 b6 33. Qc4 Be6 34. Qe2 Rd8 35. Bc2 Qd2 0-1

[Event "Tatry op"]
[Site "Tatranske Zruby"]
[Date "2012.09.26"]
[Round "5"]
[White "Kaminsky, Ladislav"]
[Black "Doucha, Ludvig"]
[Result "0-1"]
[WhiteElo "1826"]
[BlackElo "2072"]
[PlyCount "86"]
[EventDate "2012.09.23"]
[EventType "swiss"]
[EventRounds "9"]
[EventCountry "SVK"]
[SourceTitle "EXT 2023"]
[Source "ChessBase"]
[SourceDate "2022.10.05"]
[SourceVersion "1"]
[SourceVersionDate "2022.10.05"]
[SourceQuality "1"]

1. Nf3 Nf6 2. b3 d6 3. d4 c5 4. e3 Nc6 5. Bb2 cxd4 6. exd4 e6 7. Be2 Be7 8. 0-0 0-0 9. c4 Qc7 10. Nbd2 b6 11. Rc1 e5 12. d5 Nb8 13. Ng5 h6 14. Nge4 Nxe4 15. Nxe4 f5 16. Ng3 Bg5 17. Rc3 a5 18. a4 Na6 19. Ba3 Nc5 20. Bxc5 bxc5 21. Nh5 f4 22. Bg4 g6 23. Qd3 Bf5 24. Bxf5 Rxf5 25. g4 fxg3 26. Nxg3 Rf6 27. Ne4 Rf5 28. Kh1 Kg7 29. Nxg5 hxg5 30. Qg3 g4 31. Rg1 Rh8 32. f3 Rh3 33. Qg2 Qf7 34. Qd2 Rfxf3 35. Rxf3 Qxf3+ 36. Rg2 g3 37. Kg1 gxh2+ 38. Rxh2 Rg3+ 39. Rg2 Qxg2+ 40. Qxg2 Rxg2+ 41. Kxg2 Kf6 42. Kf3 Kf5 43. Ke3 g5 0-1

[Event "SVK-chT1E 1112"]
[Site "Slovakia"]
[Date "2011.11.13"]
[Round "4.5"]
[White "Kopnicky, Frantisek"]
[Black "Kaminsky, Ladislav"]
[Result "1/2-1/2"]
[WhiteElo "1964"]
[BlackElo "1822"]
[PlyCount "42"]
[EventDate "2011.10.15"]
[EventType "team-tourn"]
[EventRounds "11"]
[EventCountry "SVK"]
[SourceTitle "EXT 2013"]
[Source "ChessBase"]
[SourceDate "2012.11.22"]
[SourceVersion "1"]
[SourceVersionDate "2012.11.22"]
[SourceQuality "1"]
[WhiteTeam "Svit"]
[BlackTeam "Sabinov II"]
[WhiteTeamCountry "SVK"]
[BlackTeamCountry "SVK"]

1. e4 Nc6 2. d4 d5 3. e5 Bf5 4. c3 e6 5. Nf3 Be7 6. Be2 f6 7. Qa4 a6 8. Bf4 g5 9. exf6 gxf4 10. fxe7 Ngxe7 11. Ne5 Rg8 12. Bh5+ Bg6 13. Nxg6 hxg6 14. Bg4 Qd6 15. Nd2 0-0-0 16. 0-0-0 Kb8 17. Nf3 Nf5 18. Rhe1 Rge8 19. Kb1 Nh6 20. Ne5 Nxe5 21. dxe5 Qb6 1/2-1/2

[Event "SVK-chT2D 10/11"]
[Site "Slovakia"]
[Date "2011.01.08"]
[Round "5.3"]
[White "Panko, Eduard"]
[Black "Kaminsky, Ladislav"]
[Result "0-1"]
[WhiteElo "2002"]
[BlackElo "1853"]
[PlyCount "68"]
[EventDate "2010.10.23"]
[EventType "team-tourn"]
[EventRounds "11"]
[EventCountry "SVK"]
[SourceTitle "EXT 2019"]
[Source "ChessBase"]
[SourceDate "2018.10.10"]
[SourceVersion "1"]
[SourceVersionDate "2018.10.10"]
[SourceQuality "1"]
[WhiteTeam "Zborov Magura"]
[BlackTeam "Sabinov II"]
[WhiteTeamCountry "SVK"]
[BlackTeamCountry "SVK"]

1. e4 Nc6 2. d4 d5 3. e5 Bf5 4. c3 e6 5. Bd3 Nge7 6. Bg5 h6 7. Bh4 Qd7 8. Bb5 a6 9. Qa4 g5 10. Bg3 0-0-0 11. Bxc6 Nxc6 12. Qd1 Be7 13. Ne2 h5 14. f3 h4 15. Bf2 g4 16. Nd2 Rdg8 17. g3 gxf3 18. Nxf3 Be4 19. Nf4 hxg3 20. Be3 gxh2 21. Qe2 Rg3 22. Rxh2 Qe8 23. Rxh8 Qxh8 24. Ng1 Qh4 25. 0-0-0 Qh7 26. Bf2 Rg8 27. Nd3 Qh6+ 28. Kb1 Rg2 29. Ka1 Bxd3 30. Qf3 Qg6 31. Rxd3 Rxf2 32. Qd1 Qg2 33. Qb1 Na5 34. b3 Ba3 0-1